| 000 | 00677nam a2200289Ia 4500 | ||
|---|---|---|---|
| 005 | 20260324113131.0 | ||
| 008 | 008 260324s9999 xx 000 0 eng d | ||
| 020 | _a9781003482840 | ||
| 037 | _aEBOOK | ||
| 040 | _aCRL | ||
| 040 | _beng | ||
| 040 | _cCRL | ||
| 041 | _2eng | ||
| 041 | _aeng | ||
| 084 | _qCRL | ||
| 100 |
_aOtávio Daros _91141326 |
||
| 245 | 0 | _aWriting Journalism History | |
| 245 | 4 | _bThe Press and Academia in Brazil | |
| 260 | _bTaylor and Francis | ||
| 260 | _c2024 | ||
| 365 | _a | ||
| 365 | _b205 | ||
| 856 | _uhttp://www.taylorfrancis.com/books/9781003482840 | ||
| 942 | _cEBOOK | ||
| 999 |
_c1735043 _d1735043 |
||